000 02408cam a2200565 a 4500
001 20944
003 VRT
005 20260207111353.0
008 250313s1944 xo 000 d slo c
015 _aSNBA19421945-040/0758
035 _aSK01SNKBKSD220010064660
035 _aurn:nbn:sk:snk-am3hkpe
035 _a0A172001-7995-4E12-84BC-2035855570F7
035 _aurn:nbn:sk:snk-am00d3s8
035 _aSKM000067123
039 9 _a202503131220
_bVLOAD
_c202205120824
_dVLOAD
_c202010221340
_dVLOAD
_c202006181339
_dcsnk20
040 _aSNK
_bslo
_cSNK
_eAACR2
041 1 _aslo
_hrus
044 _axo
_cSK
072 7 _a821.161.1
_xRuská literatúra, rusky písaná
_2konspekt
072 7 _a821.161.1-2
_xRuská dráma
_2konspekt
080 _a821.161.1-2
_22011
080 _a(0:82-2)
_22011
080 _a(0:82-22)
_22011
100 1 _aGribojedov, Aleksandr Sergejevič,
_d1795-1829
_4aut
240 1 0 _aGore ot uma
_lSlovensky
245 1 0 _aÚtrapy z rozumu
_bveršovaná komédia v štyroch dejstvách
_cA.S. Gribojedov ; preložila M. Martáková-Rázusová
260 _aTurčiansky Sv. Martin
_bÚstredie slovenských ochotníckych divadiel
_bMatica slovenská
_c1944
_eTurčiansky Sv. Martin
_fNeografia
300 _a134, [i] s.
_c
490 1 _aJavisko
_vsv. 2
655 7 _aruské drámy
_2SNKPH
655 7 _adivadelné hry
_2SNKPH
655 7 _adivadelné komédie
_2SNKPH
655 7 _aRussian drama
_2SNKPHeng
655 7 _aTheatre plays
_2SNKPHeng
655 7 _aComedies
_2SNKPHeng
700 1 _aRázusová-Martáková, Mária,
_d1905-1964
_4trl
830 0 _aJavisko
942 _2ddc
_cKLDO
_n0
949 _6270001000321045
_asvkbbO 3727
_bsvkbbm 40388
_pProveniencia: Peč.: Krajská ľudová knižnica Banská Bystrica.
949 _6270001000321042
_asvkbbO 3727-a
_bsvkbbm 7022
_pProveniencia: Peč.: Krajská ľudová knižnica Banská Bystrica.
949 _6369701000014476
_aaubbD 9357
_baubbD9357
_pDarca: Maťašík, Andrej
949 _617A0542331
_asnkSD 4951/2 D1
_bsnkKSF 2667/56
_qrekatalogizácia
949 _6369701000015602
_aaubbD 11389
_baubbD11389
949 _6369701000014403
_aaubbD 9327
_baubbD9327
_pDarca: Maťašík, Andrej
949 _asvkpoA 15132
_bsvkpo35230
_s6720:20250905
949 _617A0908159
_asnkSD 4951/2
_bsnk1275/44
_oI. 294/44 - ev.č.
_s6100:20180703
999 _c20944
_d20944